[Event "Dhaka Rating op"]
[Site "Dhaka"]
[Date "2019.05.24"]
[Round "2"]
[White "Chowdhury, Sohel"]
[Black "Nasir, Hasan"]
[Result "1-0"]
[WhiteElo "2044"]
[BlackElo "1830"]
[PlyCount "95"]
[EventDate "2019.05.23"]
[EventType "swiss"]
[EventRounds "8"]
[EventCountry "BAN"]
[SourceTitle "EXT 2020"]
[Source "ChessBase"]
[SourceDate "2019.10.17"]
[SourceVersion "1"]
[SourceVersionDate "2019.10.17"]
[SourceQuality "1"]

1. e4 d6 2. Nc3 g6 3. g3 Bg7 4. Bg2 c5 5. d3 Nc6 6. Be3 Nf6 7. h3 0-0 8. f4 e5 9. Nge2 Nd4 10. 0-0 b5 11. fxe5 dxe5 12. Bg5 Ne6 13. Be3 a6 14. Nd5 Bb7 15. c4 Nxd5 16. cxd5 Nd4 17. Rc1 Rc8 18. Qd2 Qd6 19. b3 f5 20. Nxd4 cxd4 21. Bh6 fxe4 22. dxe4 Bxh6 23. Qxh6 Rc3 24. Qg5 Rxf1+ 25. Rxf1 Kg7 26. Kh2 Bc8 27. Qd2 b4 28. Qf2 Rc7 29. g4 a5 30. Qh4 Ba6 31. Rf2 d3 32. g5 Rf7 33. Rxf7+ Kxf7 34. Qxh7+ Ke8 35. Bf3 Bc8 36. Qg8+ Qf8 37. Qxg6+ Qf7 38. Qxf7+ Kxf7 39. Kg3 Bd7 40. Kf2 Bxh3 41. Ke3 Kg6 42. Kxd3 Kxg5 43. Ke3 Kf6 44. Kd3 Kg5 45. Kc4 Kf4 46. Bh1 Bf1+ 47. Kc5 Bd3 48. d6 1-0

[Event "Asia zt 3.2"]
[Site "Dhaka"]
[Date "2019.03.18"]
[Round "4"]
[White "Ghosh, Chanchal Kumer"]
[Black "Nasir, Hasan"]
[Result "1-0"]
[WhiteElo "2061"]
[BlackElo "1865"]
[PlyCount "128"]
[EventDate "2019.03.15"]
[EventType "swiss"]
[EventRounds "9"]
[EventCountry "BAN"]
[SourceTitle "CBM 189 Extra"]
[Source "ChessBase"]
[SourceDate "2019.06.03"]
[SourceVersion "1"]
[SourceVersionDate "2019.06.03"]
[SourceQuality "1"]

1. e4 d6 2. d4 Nf6 3. Nc3 g6 4. Bg5 Bg7 5. Nf3 0-0 6. Qd2 c6 7. a4 a5 8. Be2 Na6 9. h3 Nb4 10. 0-0 Bd7 11. Bh6 Rb8 12. Rad1 b5 13. axb5 cxb5 14. e5 Nfd5 15. Ne4 Bf5 16. Ng3 Bxc2 17. Rc1 Bb3 18. Nh5 Bh8 19. Bxf8 Qxf8 20. Qg5 dxe5 21. dxe5 Bc2 22. Nd4 Bd3 23. Rfd1 h6 24. Qg3 Bxe2 25. Nxe2 Kh7 26. Nhf4 Bxe5 27. Nxg6 Bxg3 28. Nxf8+ Rxf8 29. Nxg3 e6 30. Ne4 Rg8 31. Rc5 f5 32. Nd6 Nf4 33. Rc7+ Kg6 34. Nxb5 Kf6 35. g3 Nxh3+ 36. Kf1 f4 37. Kg2 Ng5 38. gxf4 Nd5 39. fxg5+ Rxg5+ 40. Kf1 Nxc7 41. Nxc7 Rc5 42. Rd7 Rc2 43. Ne8+ Ke5 44. Rb7 a4 45. Ng7 Kf6 46. Nh5+ Kg5 47. Rb5+ Kg4 48. Kg2 e5 49. Ng3 h5 50. Nf1 Re2 51. Ne3+ Kf4 52. Nd5+ Kg4 53. Nc3 Rc2 54. Nxa4 e4 55. Rb3 Kf4 56. Nc3 h4 57. Nd5+ Ke5 58. Ne3 Rc1 59. Rb5+ Ke6 60. Kh3 Rh1+ 61. Kg4 h3 62. Kg3 h2 63. Kg2 Rg1+ 64. Kxh2 Rg7 1-0